Contra viento y marea : (Registro nro. 13466)
[ vista simple ]
| 000 -LIDER | |
|---|---|
| fixed length control field | 02297nam a22002657a 4500 |
| 003 - IDENTIFICACDOR DE NÚMERO DE CONTROL | |
| control field | DO-SdBNP |
| 005 - DATE AND TIME OF LATEST TRANSACTION | |
| control field | 20210721093117.0 |
| 008 - ELEMENTOS DE LONGITUD FIJA | |
| fixed length control field | 210510b2019 dr.| 00| 0 spa d |
| 020 ## - ISBN | |
| International Standard Book Number | 9789945503593 |
| 040 ## - FUENTE DE CATALOGACIÓN | |
| Agencia que crea de manera original el registro | BPMSU |
| Idioma de catalogación | spa, |
| Agencia que realiza la transcripción | BPMSU |
| 082 ## - NÚMERO DE CLASIFICACIÓN DECIMAL DE DEWEY | |
| Classification number | PR863.08 |
| Item number | C764v 2019 |
| Edition number | 22 |
| 245 00 - MENCIÓN DE TITULO | |
| Título | Contra viento y marea : |
| Subtítulo | narrativa de Puerto Rioco / |
| Mención de responsabilidad | Selección y notas de Ramón Luis Acevedo ; coordinación : Miguel Ángel Fornerín |
| 260 ## - PUBLICACIÓN, DISTRIBUCIÓN, ETC. (PIE DE IMPRENTA) | |
| Lugar de publicación, distribución, etc | Santo Domingo : |
| Nombre del editor, distribuidor, etc. | Editora Nacional, |
| Fecha de publicación, distribución, etc | 2019. |
| 300 ## - DESCRIPCIÓN FÍSICA | |
| Extensión | 360 p. , |
| Dimensiones | 23 cm. |
| 490 0# - MENCIÓN DE SERIES | |
| Mención de serie | Homenaje ; |
| -- | Narrativa |
| 500 ## - NOTA GENERAL | |
| Materiales especificados | Incluyes datos biográficos del compilador en la solapa de la cubierta |
| 505 0# - NOTA DE CONTENIDO | |
| Texto normalizado de contenido | Palabras preliminares / Eduardo Selman Hasbún -- Presentación / Ramón Luis Acevedo -- Manuel Alonso /El pájaro malo, Perico paciencia -- Alejandro Tapia Rivera Recuerdos de San Juan -- Póstumo envirginiado o historia de un hombre que se coló en el cuerpo de una mujer (Fragmento) -- Eugenio María de Hostos / La peregrinación de Bayoán -- El barco de papel -- Manuel Zeno Gandía / -- La charca (Fragmento) -- Miguel Meléndez Muñoz / La muerte del cabro Meneo -- Alfredo Collado Martell / El Mozambique embalsamado -- Antonio Oliver Frau / Amores de tierra adentro -- La simiente roja 1 -- Emilio S. Belaval / La viuda de manto prieto -- Leyenda -- Encargado Rodríguez Juliá / La renuncia del héroe Baltasar (Fragmento) -- Las chicas de las monjas -- Tomás López Ramírez / Banda de acero -- Jazmines y mezquindades -- Rosario Ferré / Cuando la mujeres quieren a los hombres -- Magali García Ramis / Una semana de siete días -- El maquinista del tren de la muerte -- Ana Lydia Vega / Encancaranublado -- Ajustes S. A. -- Edgardo Sanabria / El día que el hombre piso la luna -- Después del huracán -- Carmelo Rodríguez Torres / El sapo de oro -- La única cara del espejo -- Luis López Nieves / Mayra Santos -- Espejo con salmuera -- Marina y su olor -- Pedro Cabiya / Imperdonable injusticia -- Vestidas de novia.<br/> |
| 590 ## - NOTA LOCAL | |
| Texto de la nota local | Inventariado,2021/MC |
| 650 #4 - ENCABEZAMIENTO DE MATERIA--TEMÁTICO | |
| Término temático o nombre geográfico como elemento de entrada | Novela puertorriqueña |
| 650 #4 - ENCABEZAMIENTO DE MATERIA--TEMÁTICO | |
| Término temático o nombre geográfico como elemento de entrada | Literatura puertorriqueña |
| 700 1# - ASIENTO SECUNDARIO -- NOMBRE PERSONAL | |
| Nombre personal | Acevedo, Ramón Luis |
| Mención de responsabilidad | sel.y nots. |
| 700 1# - ASIENTO SECUNDARIO -- NOMBRE PERSONAL | |
| Nombre personal | Fornerín, Miguel Ángel |
| Mención de responsabilidad | coordinador |
| 910 ## - VALIDACIÓN | |
| Validación | Mcabrera /VMateo V |
| 942 ## - ADDED ENTRY ELEMENTS (KOHA) | |
| Source of classification or shelving scheme | Dewey Decimal Classification |
| Koha item type | Libros |
| Withdrawn status | Lost status | Source of classification or shelving scheme | Damaged status | Not for loan | Collection code | Home library | Current library | Date acquired | Source of acquisition | Total Checkouts | Full call number | Barcode | Date last seen | Price effective from | Koha item type | Copy number |
|---|---|---|---|---|---|---|---|---|---|---|---|---|---|---|---|---|
| Dewey Decimal Classification | Colección Dominicana | Biblioteca Pública Metropolitana Salomé Ureña | Biblioteca Pública Metropolitana Salomé Ureña | 07/21/2021 | Editora Nacional | BPMSU CD PR863.08 C764v 2019 | BPMSU21070026 | 07/21/2021 | 07/21/2021 | Libros | ||||||
| Dewey Decimal Classification | Colección Dominicana | Biblioteca Pública Metropolitana Salomé Ureña | Biblioteca Pública Metropolitana Salomé Ureña | 07/21/2021 | Editora Nacional | BPMSU CD PR863.08 C764v 2019 | BPMSU22060029 | 06/15/2022 | 07/21/2021 | Libros | e.2 | |||||
| Dewey Decimal Classification | Colección Dominicana | Biblioteca Pública Metropolitana Salomé Ureña | Biblioteca Pública Metropolitana Salomé Ureña | 07/21/2021 | Editora Nacional | BPMSU CD PR863.08 C764v 2019 | BPMSU22060030 | 06/15/2022 | 07/21/2021 | Libros | e.3 |